00538nam a2200181Ia 4500003000900000005001700009008004100026040001300067040001300080041000800093100001600101245017700117250000900294260002100303300001000324490001400334490000800348IT-RoPAU20220918175644.0120407s9999 xx 000 0 und d aIT-RoPAU cIT-RoPAU aita aJules Verne aI figli del Capitano Grant. Il giro del mondo in 80 giorni. Michele Strogoff. La stella del sud. Il paese dei diamanti. Un capitano di 15 anni. Ventimila leghe sotto i mari aRoma aEdizioni Paoline c24 cm aLa 500 ep v151